| 000 | 00862nam a22002417i 4500 | ||
|---|---|---|---|
| 999 |
_c23265 _d23265 |
||
| 003 | AR-CdUCM | ||
| 008 | 250411b20222022 pe||||| |||| 00| 0 spa d | ||
| 020 | _a978-84-9178-994-9 | ||
| 040 |
_aMUNICIPALIDAD PROVINCIAL DEL CUSCO _cBIBLIOTECA MUNICIPAL DEL CUSCO |
||
| 041 | _hspa | ||
| 082 |
_aPI / 869.56 / A53 _bA53 |
||
| 110 |
_aEdiciones Saldaña S.A. _951125 |
||
| 245 | _a Cuentos con animalitos felices / | ||
| 260 |
_aEspaña : _bEditores Saldaña _c2022 |
||
| 300 |
_a47 páginas. : _bIlustraciones _c28x21 cm. |
||
| 505 | _aAmorína la jirafa -- El Zorro solitario -- El día del panda -- La melena del león -- El trabajo del castor | ||
| 650 |
_aLiteratura infantil _9588 |
||
| 650 |
_aCuentos infantiles _951126 |
||
| 650 |
_aPrimera infancia _924660 |
||
| 856 | _fwww.edicionessaldaña.com | ||
| 942 |
_2ddc _cLIBROS |
||
| 945 |
_apbjr _d11-04-2025 |
||